Páginas escogidas / (Record no. 43306)

MARC details
000 -CABECERA
campo de control de longitud fija 00758nam a2200217 a 4500
005 - FECHA Y HORA DE LA ÚLTIMA TRANSACCIÓN
campo de control 20210223122859.0
008 - ELEMENTOS DE LONGITUD FIJA--INFORMACIÓN GENERAL
campo de control de longitud fija 991125s1995 mx 000 0 spa u
020 ## - NÚMERO INTERNACIONAL NORMALIZADO PARA LIBROS
Número Internacional Estándar del Libro 968363785X
035 ## - NÚMERO DE CONTROL DEL SISTEMA
Número de control de sistema UPN01000043306
049 ## - COLECCIÓN
Colección CG
050 #4 - SIGNATURA TOPOGRÁFICA DE LA BIBLIOTECA DEL CONGRESO
Número de clasificación F1233.5 B83
Número de documento/Ítem P4 1995
100 1# - ASIENTO PRINCIPAL--NOMBRE PERSONAL
Nombre de persona Bulnes, Francisco,
Fechas asociadas al nombre 1847-1924
245 10 - MENCIÓN DE TÍTULO
Título Páginas escogidas /
Mención de responsabilidad, etc. Francisco Bulnes ; pról. y selec. Martín Quirarte.
250 ## - MENCIÓN DE EDICIÓN
Mención de edición 2a ed.
260 ## - PUBLICACIÓN, DISTRIBUCIÓN, ETC.
Lugar de publicación, distribución, etc. México :
Nombre del editor, distribuidor, etc. UNAM, Coordinación de Humanidades :
-- UNAM, Dirección General de Publicaciones,
Fecha de publicación, distribución, etc. 1995.
300 ## - DESCRIPCIÓN FÍSICA
Extensión lx, 194 p.
440 #0 - MENCIÓN DE SERIE/ASIENTO SECUNDARIO--TÍTULO
Título Biblioteca del estudiante universitario ;
Designación de volumen o secuencia 89
600 14 - ASIENTO SECUNDARIO DE MATERIA - NOMBRE PERSONAL
Nombre de persona BULNES, FRANCISCO,
Fechas asociadas al nombre 1847-1924 -
Subdivisión de forma COLECCIONES DE ESCRITOS
9 (RLIN) 9487
700 1# - ASIENTO SECUNDARIO--NOMBRE DE PERSONAL
Nombre de persona Quirarte, Martín,
Término indicativo de función/relación comp.
905 ## - TIPO DE MATERIAL
Tipo de material Libro
Holdings
Estado de retiro Estado de pérdida Fuente del sistema de clasificación o colocación Estado dañado No para préstamo Código de colección Localización permanente Ubicación/localización actual Ubicación en estantería Total de préstamos Clasificación Código de barras Fecha visto por última vez Número de copia Tipo de ítem Koha
    Library of Congress Classification     Colección General Bib. Gregorio Torres Quintero Bib. Gregorio Torres Quintero Planta baja 1 F1233.5 B83 P4 1995 140508 31/12/2020 1 Libro
    Library of Congress Classification     Colección General Bib. Gregorio Torres Quintero Bib. Gregorio Torres Quintero Planta baja   F1233.5 B83 P4 1995 140507 31/12/2020 1 Libro
    Library of Congress Classification     Colección General Bib. Gregorio Torres Quintero Bib. Gregorio Torres Quintero Planta baja 2 F1233.5 B83 P4 1995 140509 31/12/2020 1 Libro